00709 2200229 4500001002100000005001700021008004100038035002400079082001000103090002000113245012400133250001000257260004600267300003200313500003100345500001100376650004300387850001500430980001300445985000600458999001500464YOGYA-0209000003265020090227024713.0 ind  0010-020900000032650 a959.8 a959.8bSerlYog aSERANGAN Umum 1 Maret 1949 di Yogyakarta latar belakang dan pengaruhnyacTim penyusun naskah Serangan Umum 1 Maret 1949 aCet.2 aJakartabCitra Lamtoro Gung Perkasac1990 axxxiv, 425 hlmbilusc24 cm aBibliografi : hlm. 411-412 aIndeks aIndonesia - Sejarah revolusi 1945-1949 aYOPDYOG(M) a12-01-07 a1 a06A0014163